00430nam a2200157 i 4500001000700000003000900007005001700016007000300033008004100036100003600077245005000113260004100163300002700204650002000231852002100251116498ES-MaACL20250823004923.0t|061121s1911 xxk r ||||1| eng d1 aParry, Charles Hubert Hastings.10aStyle in musical art / cCharles H. H. Parry. aLondon : bMacmillan and Co, c1911. aXII, 438 p. ; c23 cm. 7aMúsica2embne aES-MaACLjC-1464